Τιτσιάνο

Αποθηκεύτηκε σε:
Λεπτομέρειες βιβλιογραφικής εγγραφής
Κύριος συγγραφέας: Cibellini, Cecilia (Συγγραφέας)
Άλλοι συγγραφείς: Moran Turina, Jose Miguel (Συγγραφέας εισαγωγής κ.λπ.)
Μορφή: Βιβλίο
Γλώσσα:Greek
Spanish
Δημοσίευση: [Αθήνα] : Η Καθημερινή, c2006.
Σειρά:Μεγάλοι ζωγράφοι ; 17
Θέματα:
Ετικέτες: Προσθήκη ετικέτας
Δεν υπάρχουν, Καταχωρήστε ετικέτα πρώτοι!

MARC

LEADER 00000cam a2200000 i 4500
001 1/2267
008 091127s2006 gr | ||| |||| ||gre||
020 |a 960794593X  
035 |l 10105924 
040 |a GR-MY-UA  |b gre  |e aacr 
041 1 |a gre  |h spa 
082 0 |a 759.5  |2 (22) 
245 1 0 |a Τιτσιάνο /   |c κείμενα Cecilia Cibellini ; εισαγωγή Miguel Moran Turina.  
260 |a [Αθήνα] :   |b Η Καθημερινή,   |c c2006.  
300 |a 189 σ. :   |b έγχρ. εικ. ;   |c 19 εκ.  
490 1 |a (Μεγάλοι ζωγράφοι   |v ; 17)  
500 |a Προσφορά της εφημερίδας "Η Καθημερινή", Βιβλιοθήκη Τέχνης 
500 |a Τίτλος πρωτοτύπου: Tiziano 
504 |a Βιβλιογραφία: σ. 189 
600 0 0 |a Titian,   |d approximately 1488-1576. 
650 0 0 |a Painting, Italian. 
650 0 0 |a Painters  |z Italy. 
700 1 |a Cibellini, Cecilia,  |e aut 
700 1 |a Moran Turina, Jose Miguel,  |e aui 
830 0 |a Μεγάλοι ζωγράφοι ;  |v  17 
852 |a INST  |b SAMOS  |e 20100126  |h 759.5 ΤΙΤ  |p 005300030823  |q 005300030823  |t BK  |y 0 
852 |a INST  |b SYROS  |e 20091127  |h 700.92 TIT  |p 005500008039  |q 005500008039  |t BK  |y 0 
901 |a BIBL3-2010-1 
901 |a BIBL5-2009-3 
909 |a Σ  |b 158577 
909 |a Ε  |b 155096 
970 |a ΚΟΝΤΟΥ  |b ΠΑΡΑΣΚΕΥΗ  |z 2009/11/27